1021 1015 1888 1403 1567 1434 1101 1861 1279 1210 1819 1406 1744 1972 1700 1813 1643 1244 1566 1853 1363 1665 1073 1396 1418 1301 1903 1023 1894 1576 1146 1315 1216 1319 1207 1916 1459 1035 1106 1886 1037 1761 1896 1586 1780 1383 1551 1715 1257 1550 1206 1034 1046 1198 1501 1677 1271 1479 1222 1956 1227 1928 1036 1546 1678 1758 1562 1550 1862 1760 1833 1901 1874 1271 1445 1097 1566 1450 1668 1896 1092 1230 1445 1262 1528 1668 1459 1465 1949 1429 1964 1064 1552 1131 1512 1566 1681 1258 1575 BCNSPRNW ULIB Ver.6.0+V

เปลี่ยนเป็นภาษาไทย

Change to English
 แสดงรายละเอียดบรรณานุกรม
  กลับหน้าหลัก

Brief Record : Get Marc (ISO 2709) : E-mail record : QR code < ปิดหน้าต่าง
LEADER : 00000nam 2200000uu 4500
001    13399126618
003     ULIB
008    020711s2560 th a 000 0 tha d
020    ^a9786164455405
050    ^aPE428.1ส356ป
100    ^aสรุจ ศุภศิรประภา และคณะ
245    ^a850 คำต้องรู้ สู้ CU-TEP และ TOEFL/^cสรุจ ศุภศิรประภา และคณะ
250    พิมพ์ครั้งที่ 3
260    กรุงเทพฯ :^bโรงพิมพ์แห่งจุฬาลงกรณ์มหาวิทยาลัย,^c2560
300    268 หน้า;^b26 ซม.
650    ภาษาอังกฤษ^xคำศัพท์
945    ^p250^l0^i004908
999    ^aประนอม เกษจรัล
รายการนี้ยังไม่มีแท็ก
คุณยังไม่ได้ล็อกอิน คุณสามารถมีกิจกรรมร่วมกับเว็บไซต์ได้ แต่ต้องล็อกอินก่อน ::
  ล็อกอิน

รายการสื่อสารสนเทศ

ลำดับที่ ประเภท เลขเรียก/บาร์โค้ด สถานที่ สถานะ
1. การศึกษาทั่วไป
การศึกษาทั่วไป
PE428.1ส356ป ฉ.1 
  Barcode: 004908
ห้องสมุดวิทยาเขตสวรรค์ประชารักษ์
►หนังสือทั่วไป
บนชั้น

รายการใกล้เคียง
    ผู้แต่ง [สรุจ ศุภศิรประภา และคณะ]

    หัวเรื่อง [ภาษาอังกฤษ คำศัพท์]

BibComment


ยังไม่เคยถูกคอมเมนท์

คอมเมนท์ทรัพยากรรายการนี้
  คอมเมนท์: 850 คำต้องรู้ สู..


 Copyright 2026. Bcnsprnw @Library